00473 2200169 4500001002100000005001500021035002000036245007800056100002200134250002000156300004000176260001400216082001200230084001800242650001800260990002500278INLIS00000000003639420240717101937 a0010-07240003541 aKisah Legenda Timun Mas :bCerita Rakyat Jawa Tengah /cMaulana Ar Rosyid0 aMaulana Ar Rosyid aCetakan Pertama a128 halaman :bIlustrasi ;c24,5 cm bDua Media a889.222 a889.222 MAU k 4aCerita Rakyat a57234/Hibah ASN/2024